| 000 | 02612nam a2200397 i 4500 | ||
|---|---|---|---|
| 001 | 768714001 | ||
| 003 | CO-MdFUSB | ||
| 005 | 20230915093849.0 | ||
| 007 | ca aa aaaaa | ||
| 008 | 230915t2019 mx ||||| |||| 00| 0 spa d | ||
| 020 | _a9786078528967 | ||
| 020 | _a9786078528974 | ||
| 040 |
_aCO-MdFUSB _bspa _cCO-MdFUSB _dCO-MdFUSBC _erda |
||
| 041 | _aspa | ||
| 082 |
_223 _a241.68 |
||
| 100 | 1 |
_aPikaza, Xabier, _d1941- _eautor |
|
| 245 | 1 | 3 |
_aEl dinero en la Biblia : _bDios y mammón, dominación y poder en la iglesia _c/ Xabier Pikaza _h[electrónico] |
| 250 | _aprimera edición | ||
| 264 | 1 |
_aGuadalajara, México : _bITESO, _c[2019] |
|
| 264 | 4 | _c© 2019 | |
| 300 |
_a220 páginas _c; |
||
| 336 |
_2rdacontent _atexto _btxt |
||
| 337 |
_2rdamedia _ainformático _bc |
||
| 338 |
_2rdacarrier _aremoto _bcr |
||
| 505 | _aPrincipios. Riqueza y riesgo del dinero. -- Temas de Evangelio. -- En el entorno de la muerte de Jesús. -- Dinero de Iglesia | ||
| 506 | _aSolicitar clave y usuario para acceder al libro electrónico. | ||
| 520 | _a“Este es un libro escrito con pasión para criticar, desde la Biblia, el proyecto monetario capitalista que, en su línea actual, puede llevarnos a la destrucción de la vida en el planeta Tierra”, advierte Xabier Pikaza. En un tono dialogal, el autor ofrece una visión del dinero en el Nuevo Testamento y en el contexto de la iglesia primitiva, destacando el mensaje de Cristo contra Mammón (la avaricia y el deseo de riqueza). Pero no se queda ahí, ya que también resalta el riesgo de la vinculación del dinero con el poder, en un tiempo, inicios del siglo XXI, en el que parecemos condenados a la esclavitud del gran capital y a las mafias vinculadas a él. La reflexión de Pikaza recuerda que el dinero sirve si está al servicio de la vida, si ayuda para vivir en solidaridad y la asistencia mutua. En resumen, es un alegato contra la idolatría del capital porque los hombres están hechos para servir a Dios, no al dinero, abriendo así un modelo y camino de trasformación económica de la sociedad, desde el Nuevo Testamento, en perspectiva de gracia y comunión de vida. | ||
| 650 | 0 |
_9153 _aHistoria de la Iglesia |
|
| 650 | 0 |
_91177 _aIglesia y problemas sociales |
|
| 653 | _aDinero | ||
| 856 |
_b1843551 _uhttp://search.ebscohost.com/login.aspx?direct=true&scope=site&db=nlebk&db=nlabk&AN=1843551 _zAbrir Versión electrónica del libro El dinero en la Biblia : Dios y mammón, dominación y poder en la iglesia |
||
| 942 | _cBK | ||
| 945 | _aJTF-925 | ||
| 999 |
_c69003 _d69003 |
||